[Event "Biel GM"]
[Site "Biel"]
[Date "2002.08.01"]
[Round "10"]
[White "Kortschnoj, Viktor Lvovich"]
[Black "Dreev, Alexey"]
[Result "1/2-1/2"]
[WhiteElo "2626"]
[BlackElo "2676"]
[Annotator "Lukacs,P"]
[PlyCount "40"]
[EventDate "2002.07.22"]
[EventType "tourn"]
[EventRounds "10"]
[EventCountry "SUI"]
[EventCategory "16"]
[SourceTitle "CBM 091"]
[Source "ChessBase"]
[SourceDate "2002.11.12"]
[SourceVersion "1"]
[SourceVersionDate "2002.11.12"]
[SourceQuality "1"]

1. c4 c6 2. e4 d5 3. cxd5 cxd5 4. exd5 Nf6 5. Nc3 Nxd5 6. Nf3 Nc6 (6... Nxc3 7.
bxc3 g6 {is suggested by many theoreticians.}) 7. Bb5 {By this move order
White can avoiod some lines of the Panov Attack.} Nxc3 (7... a6 $6 {helps only
for White, since he is happy to exchange on c6.} 8. Bxc6+ bxc6 9. O-O g6 10.
Qa4 Bb7 {If Black cannot play c6-c5 his light-squared B remains in ethernal
passivity.} 11. Re1 Bg7 12. d4 O-O 13. Nxd5 Qxd5 14. Rxe7 $5 (14. Bg5 e6 15.
Rac1 Qb5 16. Qa3 Bxd4 17. Nxd4 Qxg5 18. Nxc6 {and the B works again!} Rfe8 $11
{Balashov-Guliev, Moscow 1998}) 14... c5 15. dxc5 Bc6 16. Qc2 $16) (7... Nc7 $6
{leaves the [+] for nothing.} 8. Ba4 (8. Bxc6+ bxc6 9. Qa4 Bd7 10. O-O e6 11.
Ne5 Nd5 12. d4 {White has a strong pressure on the dark squares, the
light-squared B is rather passive.} Be7 13. Bd2 Nb6 14. Qb3 O-O 15. Ne4 Be8 16.
Bb4 $14 {exchanging the vital e7 B, Delchev-Shirazi, Nice 2001.}) 8... Bg4 9.
h3 Bh5 10. g4 Bg6 11. Qb3 Qc8 12. Ne5 Ne6 13. Qc4 Ned8 14. d4 e6 15. Bf4 $16 {
A.Sokolov-Loeffler, Basel 2001}) (7... e6 {- J.Polgar-Dreev, RUS-The World
rapid 2002 CBM 91}) 8. bxc3 Qd5 $5 {/\ Bg4 is an active option for Black.} (
8... a6 $6 {is again only a loss of time.} 9. Bxc6+ bxc6 10. Qa4 Qd5 11. O-O
Qb5 12. Qh4 e6 13. c4 Qb6 14. Qe4 Be7 15. Rb1 Qc7 16. d4 Bb7 17. Bf4 Qc8 18. c5
$16 {with a huge space advantage for White, Damaso-Peixoto, Loures 1998.}) (
8... e6 9. O-O Be7 10. d4 O-O 11. Re1 Bf6 12. Bd3 b6 {is a funny transposition
to D41 with good attacking chances for White on the >>.}) (8... g6 9. O-O Bg7
10. Re1 O-O 11. Ba3 Re8 (11... Bf6 12. Bxc6 bxc6 13. Qa4 Qc7 14. d4 Bf5 15. Ne5
Rfc8 16. Bc5 $14 {with a nasty pressure on the dark squares, Tkachiev-Van der
Werf, Wijk aan Zee 1995.}) 12. d4 Bd7 13. Bd3 $5 $14 (13. Bc4 $6 {runs into}
Na5 14. Bd5 Bf5 15. Be4 Bxe4 {The exchange of the light-squared B weakens ><
c4 and d5.} 16. Rxe4 Nc4 $15 {Pokorna-Kachiani, Warsaw 2001})) (8... Bd7 9. O-O
e6 10. d4 $14) (8... Bg4 9. h3 (9. Qe2 a6 10. Bxc6+ bxc6 11. Qe4 Bxf3 12. Qxf3
Qd5 13. Qxd5 cxd5 {1/2:1/2 Lalic-Hodgson, Aberdeen 1996}) 9... Bxf3 10. Qxf3
Rc8 11. O-O e6 12. d4 Be7 13. Bd2 O-O 14. Rfe1 Bf6 $13 {Spanton-Ormsby, Port
Erin 2001}) 9. Qe2 (9. c4 Qe4+ 10. Qe2 Qxe2+ 11. Kxe2 {The _|_ is nothing
special for White, he has some structural weaknesses.} Bg4 12. d4 O-O-O 13.
Bxc6 bxc6 14. Be3 g6 15. Rab1 Bg7 $11 {Pinski-Vanparys, Yerevan 1999}) 9... Bg4
(9... a6 $6 {is again feeble, this time in view of} 10. Bc4 Qh5 11. d4 Bg4 12.
Rb1 Bxf3 13. gxf3 {White has an excellent ^^ and a lead of development.} b5 14.
Bd3 Qd5 15. a4 $16 {Arizmendi-Cid, Palencia 1999}) 10. Bc4 (10. c4 Qf5 11.
Bxc6+ bxc6 12. h3 Bxf3 13. Qxf3 Qxf3 14. gxf3 {and White's P structure is not
rosy either.} Rb8 15. d3 e5 16. Be3 c5 17. Kd2 Bd6 18. Rab1 Kd7 19. Rb3 {
1/2:1/2 Lalic-Rausis, Haarlem 1996}) (10. d4 e6 (10... Bxf3 11. gxf3 e6 12. Rb1
$5 (12. Bf4 $6 Bd6 13. Bc4 Qa5 14. Bd2 O-O 15. Qe4 e5 $15 {Goodger-Marusenko,
York 2000})) 11. O-O Bd6 12. c4 Qh5 13. h3 Bxf3 14. Qxf3 Qxf3 15. gxf3 O-O 16.
Be3 e5 17. Bxc6 bxc6 18. dxe5 Bxe5 19. Rad1 Rfb8 20. Rd7 Rb2 21. Rfd1 h5 22.
R1d2 Rxd2 23. Rxd2 a5 $11 {R.Sergejev-Pingitzer, Matinhos 1994}) 10... Bxf3 11.
Bxd5 {Simplifying the position.} (11. gxf3 $5 {leads to a complicated
middlegame.} Qf5 (11... Qg5 12. Rb1 Rb8 13. Bb5 Rc8) 12. d4 g6 13. O-O Bg7 $13)
11... Bxe2 12. Bxc6+ (12. Kxe2 $5 {at least leaves White with the ^^.} Rc8 (
12... e6 13. Be4 Rc8 $11) 13. Rb1 b6 $11) 12... bxc6 13. Kxe2 {This _|_ cannot
be significantly better for White.} e5 14. d3 (14. Rb1 Bd6 15. Rb7 {White is
not well-developed to exploit the temporary weakness of the 7-th rank.} O-O 16.
d3 Rfb8 $11) 14... Bc5 15. Rb1 O-O-O 16. Rb3 (16. Be3 Bxe3 17. fxe3 Kc7 {
and the R _|_ is roughly equal.}) 16... Kc7 17. Be3 Bxe3 18. Kxe3 Rb8 19. g4 (
19. Rhb1 Rxb3 20. axb3 Rb8 $11) 19... Rb6 20. Ke4 Rd8 1/2-1/2

[Event "Candidates qf2"]
[Site "Brussels"]
[Date "1991.??.??"]
[Round "3"]
[White "Timman, Jan H"]
[Black "Kortschnoj, Viktor Lvovich"]
[Result "1-0"]
[WhiteElo "2630"]
[BlackElo "2610"]
[Annotator "Ftacnik,L"]
[PlyCount "75"]
[EventDate "1991.08.??"]
[EventType "match"]
[EventRounds "7"]
[EventCountry "BEL"]
[SourceTitle "Candidates"]
[Source "ChessBase"]
[SourceDate "1999.07.01"]
[SourceVersion "2"]
[SourceVersionDate "1999.07.01"]
[SourceQuality "1"]

1. e4 {Schussler} e5 2. Nf3 Nc6 3. Bb5 f5 4. Nc3 fxe4 5. Nxe4 Nf6 6. Qe2 d5 7.
Nxf6+ gxf6 8. d4 Bg7 9. dxe5 O-O 10. e6 (10. Bxc6 bxc6 11. e6 Re8 12. O-O Rxe6
(12... Bxe6 {Schussler} 13. Nd4 Qd6 {White is minimally better. Ochoa,
J-Chiburdanidze,M, Bilbao 1987.}) (12... c5 $5 13. Qb5 Bf8 14. Bf4 Bxe6 {
White is again very slightly better. But in Sax-Chandler,Hastings 1990/91 a
draw was agreed after 15.Rfe1.}) 13. Qd3 c5 14. Rd1 c6 15. c4 Qe7 16. Be3 Ba6
$10 {Filipovic,B-Velimirovic,D/Banja Luka/1981/}) 10... Re8 (10... Ne5 11. Bf4
(11. O-O c6 12. Bd3 Bxe6 13. Nd4 Bg4 14. f3 Bd7 15. Nf5 Nxd3 16. Qxd3 Qb6+ 17.
Kh1 Bxf5 18. Qxf5 Rae8 19. Bf4 Re2 $17 {Renet,O-Tseitlin,Mi/Palma de Mallorca
GMA-op/1989/}) 11... c6 (11... Qd6 {Schussler} 12. O-O Qxe6 13. Rae1 c6 14. Bd3
{14.Ba4!?} Nxd3 15. Qxd3 Qf7 16. Bd6 Rd8 17. Qa3 Be6 18. Nd4 Re8 {Black was OK
in Hellers-Antunes, Novi Sad (ol) 1990.}) 12. Bd3 Nxd3+ 13. Qxd3 Bxe6 14. Nd4
Re8 15. O-O-O Qd7 16. h4 Rad8 17. h5 c5 18. Nxe6 Qxe6 19. h6 $14 {Psakhis,
L-Grosar/Portoroz-Ljubljana/1987/}) 11. O-O Bxe6 12. Qd3 (12. Bf4 Bg4 13. Qd3
Re4 $2 14. Bxc7 $1 Qxc7 15. Qxd5+ Re6 16. Qc4 Bxf3 17. Qxe6+ Kh8 18. gxf3 $16 {
Dvoiris,S-Morvay,M/Budapest op/1989/}) 12... Qd6 13. Be3 a6 (13... Nb4 14. Qc3
$1) 14. Bxc6 Qxc6 15. Nd4 Qd7 16. Nxe6 Qxe6 17. Rad1 Rad8 18. Bd4 (18. c3 Qe4
$10) 18... Qd6 (18... Qe2 19. Qc3 Qe7) 19. c3 a5 (19... c5 20. Be3 b5 21. Rd2
Rd7 22. Rfd1 Red8 23. Qf5 $14) (19... c6 $5) 20. h3 b6 21. Be3 c5 22. Rfe1 Re7
(22... d4 $2 23. cxd4 cxd4 24. Qc4+ Qe6 25. Rxd4 Rxd4 26. Qxd4 Qxa2 27. Qxb6 f5
28. Qb5 Rf8 29. b3 $16) 23. Re2 Qe6 24. Qb5 (24. Red2 f5 $10) 24... Rd6 (24...
f5 25. Rde1 $1) 25. Red2 (25. Bxc5 Qxe2 26. Qxe2 Rxe2 27. Bxd6 Rxb2 28. Rxd5
Rxa2 29. Rb5 f5 $10) 25... Rd8 (25... f5 26. Qb3 d4 (26... Red7 27. Bf4) 27.
Qxe6+ Rexe6 28. cxd4 cxd4 29. Bxd4 Bxd4 30. Rxd4 Rxd4 31. Rxd4 Re2 32. b3 Rxa2
33. Rd6 b5 34. Rd5 b4 35. Rxf5 $16) 26. b4 $1 axb4 (26... d4 27. bxc5 bxc5 28.
Qxc5 $16) 27. cxb4 d4 (27... cxb4 28. Qxb4 Rd6 29. Qb3 Red7 30. Bf4 $16) 28.
bxc5 bxc5 29. Qxc5 Rd5 (29... Red7 30. Rxd4 Rxd4 31. Rxd4 Rxd4 32. Bxd4 Qxa2
33. Qc8+ Kf7 34. Qd7+ Kg6 35. Qg4+ Kf7 36. Qh5+ Kg8 37. Qe8+ $18) 30. Qc4 Ra5 (
30... dxe3 31. Rxd5 exf2+ 32. Kxf2 Qe3+ 33. Kf1 $18) 31. Qxd4 (31. Qxe6+ Rxe6
32. Bxd4 Rea6 33. Bc3 Rxa2 34. Rd8+ Kf7 35. R1d7+ Kg6 36. Rg8 $18) 31... Rxa2
32. Qd8+ Kf7 (32... Re8 33. Rxa2 Rxd8 34. Rxd8+ Kf7 35. Ra7+ Kg6 36. Rdd7 Bf8
37. Rxh7 $18) (32... Bf8 33. Rxa2 (33. Bh6 Rf7 (33... Re8 34. Rxa2 Rxd8 35.
Rxd8 $18) 34. Rd3 Qe7 35. Rg3+ Kh8 $16) 33... Qxa2 34. Bc5 $1 Rf7 35. Rd3 Qa1+
36. Kh2 Qe5+ 37. Rg3+ Kh8 38. Bxf8 $18) 33. Rxa2 Qxa2 34. Bc5 Rb7 (34... Re6
35. Qc7+ Kg6 36. Qg3+ $18) (34... Re5 35. Qd7+ Kg8 36. Bd6 Re2 37. Rc1 $18) 35.
Re1 Kg6 36. Qd3+ f5 37. Qg3+ Kf7 38. Qf3 {Ftacnik,L} 1-0

[Event "George Marx Memorial 3rd"]
[Site "Paks"]
[Date "2005.06.12"]
[Round "1"]
[White "Sasikiran, Krishnan"]
[Black "Kortschnoj, Viktor Lvovich"]
[Result "1/2-1/2"]
[WhiteElo "2642"]
[BlackElo "2619"]
[Annotator "Golod,V"]
[PlyCount "102"]
[EventDate "2005.06.12"]
[EventType "tourn"]
[EventRounds "10"]
[EventCountry "HUN"]
[EventCategory "15"]
[SourceTitle "CBM 108"]
[Source "ChessBase"]
[SourceDate "2005.09.26"]
[SourceVersion "1"]
[SourceVersionDate "2005.09.26"]
[SourceQuality "1"]

1. d4 Nf6 2. c4 e6 3. Nc3 Bb4 4. Qc2 d6 5. Bg5 c5 {This move has been played a
few times by Vassily Smyslov. Main theoretical lines here are:} (5... Nbd7 $5)
({and} 5... h6 $5) 6. dxc5 {Another option was checked in the next game:} (6.
e3 $5 cxd4 7. exd4 Qa5 8. Bxf6 Bxc3+ 9. bxc3 gxf6 10. Nf3 Nd7 11. Nd2 b6 12.
Rb1 Qh5 13. Ne4 Ke7 14. Qa4 Qg6 15. Qc6 d5 16. Nd2 $14 {Bacrot,E-Smyslov,V/
Cannes,1996(1/2-1/2)(49)}) 6... dxc5 7. e3 h6 {Could be recommended also:} (
7... Nc6 $5 8. Nf3 Bxc3+ 9. Qxc3 Qa5 10. Qxa5 Nxa5 11. Be2 b6 12. O-O Bb7 13.
a3 Ne4 14. Bh4 f6 15. Rad1 g5 16. Bg3 Nxg3 17. hxg3 Ke7 $11 {Kahn,E-Sprotte,N/
Balatonbereny,1997(1-0)(26)}) 8. Bh4 Nc6 9. Nge2 $5 $146 {White's idea: in
case of an exchange on "c3" to take with the knight and avoid exchanging the
queens after Qa5.} (9. a3 $143 Bxc3+ 10. Qxc3 e5 11. Bd3 Qa5 12. Ne2 Be6 13.
Bxf6 {1/2-1/2 Greenfeld,A-Smyslov,V/Beer-Sheva,1990(13)}) 9... e5 {[%csl Rd5]
Ambivalent decision. From one side, Black opens the diagonal c8-h3 and solves
the problem of the development of his bishop. From another side, by this move
he weakens an irrevocable "d5" square.} ({Deserves attention:} 9... O-O $5) 10.
a3 Ba5 11. Rd1 Qe7 12. Bxf6 {A forced exchange. The deficiency of the ninth
move of White was that White has problems with development of his kingside.} (
12. f3 $143 Be6 13. b3 Rd8 $15) 12... Qxf6 13. Ng3 O-O 14. Be2 Qh4 15. O-O $14
{[%csl Ra5,Yc3,Yd1,Rd5,Rd6,Ye2,Yg3] White's advantage is clear thanks to the
control over the "d" file and better disposition of his pieces.} f5 {Black
fights for space. His idea is to play e4 in order to open the b8-h2 diagonal
for his bishop and ensure "e5" square for his knight.} 16. Nb5 $6 {Doubtful
plan. Krishnan Sasikiran wants to exchange black's light-square bishop and
take control over "d5" and "d7" points.} ({Looks good enough:} 16. Nd5 $5 {
with a stable advantage.} f4 $140 $2 17. Qg6 $40 {[%csl Gf1,Rg8][%cal Ge2d3]})
16... Qe7 17. Nd6 g6 18. Nxc8 Raxc8 $11 {White successfully completed his plan.
But it took lot of the time, and Black used it to consolidate his position.}
19. Rd5 Rcd8 20. Rfd1 e4 21. Bf1 Bc7 22. Ne2 Be5 23. Nc3 {Over several last
moves both sides regrouped their forces.} h5 $6 {Better for Black was to
prevent the white knight from coming to "d5":} (23... Qg7 $5 24. Rxc5 (24. Na4
$6 b6 {[%csl Ra4,Ge5,Gg7]}) 24... Bxc3 25. Rxd8 $5 (25. bxc3 Rxd1 26. Qxd1 Qxc3
$11) 25... Rxd8 26. bxc3 Qe7 $13) 24. Rxd8 Rxd8 25. Nd5 $14 Qd6 $6 {An
unsuccessful place for queen.} (25... Qf7 $142) 26. g3 $6 {Now White missed a
good chance to develop a strong initiative:} (26. f4 $1 Bg7 (26... exf3 $143
27. gxf3 f4 (27... Bg7 28. f4 $36) 28. exf4 Bg7 29. Qg2 {[%csl Rg6][%cal Gf1d3,
Gd3g6,Gg2g6] +/=/+/-}) 27. Qa4 $14 {/\b4 Instead he weakened his kingside and
gave Black good chances for counterplay.}) 26... h4 27. Kg2 hxg3 28. hxg3 Kg7
$132 {Black prepares an attack against white's king. His plan is to play Rh8,
g5, Qh6 with mating ideas.} 29. Be2 Qe6 30. b4 Rh8 {[%csl Ge6,Rg2,Gh8][%cal
Gf5f4]} 31. Kg1 {A very optimistic move. It was a good time for White to think
about his king's safety:} (31. Nf4 $142 Qe7 32. b5 Nd8 33. Qd2 Bxf4 34. exf4
Ne6 35. Qb2+ Nd4 36. Rxd4 cxd4 37. Qxd4+ Kh7 38. Qxa7 Rd8 $11) 31... g5 $1 {
[%csl Rg1][%cal Ge6h6,Gh6h1]} 32. Bf1 ({Another option was to immediately
evacuate the white king:} 32. Kf1 $5 cxb4 33. axb4 Qh6 34. Ke1 Qd6 35. c5 Rh1+
36. Bf1 Qe6 37. b5 $13) 32... cxb4 33. axb4 Bb8 $5 {[%csl Rf3][%cal Gc6e5,
Ge5f3] Black easily makes an unsteady position for White. Now the black knight
enters the game.} 34. Bg2 Ne5 35. Qc3 Kf7 36. Kf1 Rc8 $1 {Victor Kortschnoj in
a masterly fashion moved the weight of the fight from one part of the board to
another.} 37. c5 Rd8 ({After:} 37... b6 $5 38. Qb3 bxc5 39. bxc5 Rxc5 40. Qxb8
Rxd5 41. Qxa7+ Kg6 42. Ra1 (42. Rxd5 $143 Qxd5 43. Qb6+ Kh5 $40 {[%csl Gd5,Rf1]
}) 42... Qd7 43. Qxd7 Rxd7 $15 {Black keeps the advantage thanks white's bad
bishop. But he's working for more.}) 38. Qb3 a6 39. Ke1 Kf8 ({It was possible
for Black to immediately win material:} 39... Nd3+ 40. Rxd3 exd3 41. Qxd3 Be5 {
=/+/=}) 40. Rd4 $1 Nd3+ $140 41. Rxd3 exd3 42. Qxd3 Be5 {=/+/= In this ending,
the knight is strong, pawns and bishops of opposite colors gives White equal
chances. Impossibility of participation of the black rook in active operations
prevents black from playing for the win.} 43. Kf1 Qf7 44. Kg1 Bg7 45. e4 {
[%csl Rf8] Right decision - now the position of black's king is very unstable.}
fxe4 46. Bxe4 Rd7 47. Kg2 Qe6 48. Qf3+ Rf7 49. Qd3 Rd7 50. Qf3+ Rf7 51. Qd3 Rd7
{Both sides couldn't improve their positions, therefore, the game ended by
repetition of the moves.} 1/2-1/2

[Event "George Marx Memorial 3rd"]
[Site "Paks"]
[Date "2005.06.22"]
[Round "10"]
[White "Sutovsky, Emil"]
[Black "Kortschnoj, Viktor Lvovich"]
[Result "1/2-1/2"]
[WhiteElo "2665"]
[BlackElo "2619"]
[Annotator "Mikhalevski,V"]
[PlyCount "60"]
[EventDate "2005.06.12"]
[EventType "tourn"]
[EventRounds "10"]
[EventCountry "HUN"]
[EventCategory "15"]
[SourceTitle "CBM 108"]
[Source "ChessBase"]
[SourceDate "2005.09.26"]
[SourceVersion "1"]
[SourceVersionDate "2005.09.26"]
[SourceQuality "1"]

1. e4 e5 2. Nf3 Nc6 3. Bb5 a6 4. Ba4 Nf6 5. O-O Nxe4 6. d4 b5 7. Bb3 d5 8. dxe5
Be6 9. Nbd2 Be7 10. c3 Nc5 11. Bc2 d4 {This is the key-idea in the 9.Nbd2-line.
Black is trying to simplify the position and thus to solve opening problems.
It's even more popular to advance the d-pawn without playing Be7.} 12. cxd4 ({
Two recent games featured} 12. Nb3 {which is another critical line in this
system.} d3 13. Nxc5 (13. Bb1 Nxb3 14. axb3 Bf5 15. Be3 O-O 16. Bd4 Qd5 17. Re1
Nd8 $5 $146 {Grischuk,A-Sorokin,M, RUS-chT Sochi(7)/ CBM107 [Postny].}) 13...
dxc2 14. Qxd8+ Rxd8 15. Nxe6 fxe6 16. Be3 Rd5 17. Rfc1 Nxe5 18. Nxe5 Rxe5 19.
Rxc2 $14 {and White has a slight edge thanks to a better pawn structure. 1-0
Sutovsky,E-Sorokin,M, RUS-chT(6)/CBM107[Postny].}) 12... Nxd4 13. Nxd4 Qxd4 14.
Nf3 Qxd1 15. Rxd1 Rd8 $5 {Current game is the first real test of the move in
the OTB game and I have to admit that Black has passed it.} ({A new idea} 15...
Nd7 {occuried in the game Jonkman,H-Mikhalevski,V, Canadian Open, Kapuskasing
2004/CBM101ext [Mikhalevski,V]}) ({While the main alternative} 15... O-O {
was tested on the very top level in the following game:} 16. Bg5 Bxg5 17. Nxg5
h6 18. Bh7+ Kh8 19. Nxe6 Nxe6 20. Be4 Rad8 21. g3 Rfe8 22. Bc6 Re7 23. a4 Nd4
24. axb5 axb5 25. Bxb5 Nf3+ 26. Kg2 Rb8 $1 {Black wins back a pawn and fully
equalizes.} 27. Be2 {1/2-1/2 Svidler,P-Kramnik,V/Dortmund GER 2004/The Week in
Chess 508 (27).}) 16. Rxd8+ {This move is a novelty and probably not the best
one.} ({Earlier White played} 16. Nd4 Bg4 17. f3 {but after} Ne6 $1 {Black
doesn't seem to have any problems.} (17... Bd7 $6 18. Be3 g6 19. Rac1 Ne6 20.
Bb3 $14 {[%csl Rc7] 1-0 Agdestein,S-Fiedler,T/Hamburg GER 2002/The Week in
Chess 419 (46). (45)}) 18. Nxb5 ({or} 18. Nxe6 Rxd1+ 19. Bxd1 Bxe6 20. Be3 O-O
21. a4 Rb8 22. axb5 Rxb5 23. Rxa6 g6 24. Ra7 (24. Bh6 Bd5 25. b3 Bb7 26. Ra2
Rxe5 $11) 24... Rxe5 25. Kf2 Rb5 26. Be2 Rb4 $1 {1/2-1/2 Sferle,M-Vosselman,J/
ICCF Email 2002/ICCF Telechess CBM 94 (26)} 27. Rxc7 Bf6 $11) 18... Rxd1+ 19.
Bxd1 Bc5+ 20. Kh1 axb5 21. fxg4 Bd4 22. a4 bxa4 23. Rxa4 Ke7 24. Bg5+ {1/2-1/2
Sabaev,S-Van Wieringen,C/ICCF Email 2001/ICCF Telechess (24)} Kd7 $5) 16...
Kxd8 17. Nd4 (17. Be3 $5 {developing the bishop and keeping all the options
open was a worthy alternative.}) 17... Bd7 18. Nf5 {White's idea is to
exchange one of the bishops and then to exploit weaknesses along the c-file
and the big a8-h1 diagonal.} Bxf5 19. Bxf5 g6 $1 {Now White has to decide what
to do with the bishop. Moving it away from the c8-h3 diagonal gives the
c8-square for the black king, while staying on this diagonal means weakening
of the d3-square.} 20. Bg4 h5 ({I believe that Black could also play} 20... Nd3
21. Bh6 Nxb2 22. Rb1 {and now} f5 $1 {Thanks to this move Black can play 20...
Nd3. Otherwise the king gets under attack.} (22... Nc4 $2 23. Rd1+ $18 Ke8 $140
24. Bd7+ Kd8 25. Bxb5+ $18) 23. Bf3 (23. exf6 $2 Bxf6 {is good for Black.})
23... Ba3 (23... Na4 24. Bb7 c5 25. Bxa6 Nc3 26. Rb2 b4 27. Rd2+ Kc7 28. Bc4
$14) 24. e6 Nc4 {with chances to hold the position.}) 21. Bf3 Kc8 $11 {[%cal
Gh8d8] Freeing the way for the rook.} (21... Nd3 22. a4 $1 (22. Bb7 Kd7 23. Be3
Rb8 24. Rd1 Rxb7 25. Rxd3+ Ke6 26. f4 c5 $15) 22... Kd7 23. axb5 axb5 24. Be2
Nxe5 25. Bxb5+ c6 $11) 22. Be3 Rd8 {[%cal Gc5d3]} ({In case of immediate} 22...
Nd3 {Black would have to deal with} 23. a4 Nxe5 24. Be2 {though even in this
case the position is close to equality.}) 23. Be2 Na4 ({And again White
prepares to meet} 23... Nd3 {with} 24. a4 $1) 24. g4 $5 {White finds an
interesting escape.} ({In case of} 24. Rb1 Ba3 $1 {looks strong.} 25. bxa3 $140
Nc3 26. Re1 Nxe2+ 27. Kf1 (27. Rxe2 $4 Rd1+) 27... Nc3 $17 {[%csl Ra2,Gc7]})
24... hxg4 ({After} 24... h4 {White can protect the pawn since he has no
problem with the lasr rank anymore.} 25. Rb1) 25. Bxg4+ Kb8 26. Rc1 $1 {
[%cal Gb2b3] A beautiful tactical trick.} Nxb2 27. Ba7+ $1 Kb7 (27... Kxa7 28.
Rxc7+ Kb6 29. Rxe7 {[%csl Rf7,Rg6]}) 28. Bf3+ Kc8 {Black decides to repeat the
moves.} ({I believe he could try to look for chances after} 28... Kxa7 29.
Rxc7+ Kb6 30. Rxe7 Nc4 {, though} 31. e6 (31. Rxf7 Nxe5 32. Rf6+ Kc5 33. Bb7 (
33. Be4) 33... a5 34. f4 (34. Re6 Nd3 $1 {[%cal Gd3f4]}) 34... Rd1+ 35. Kg2
Rd2+ 36. Kg3 Nc4 37. Rxg6 Rxa2) 31... fxe6 32. Rxe6+ Rd6 33. Rxd6+ Nxd6 {
leads to a draw.}) 29. Bg4+ Kb7 30. Bf3+ Kc8 {An interesting game which sets a
problem for White.} 1/2-1/2